A quel Etat/province/département/région appartient ce drapeau ? - Statistiques

Statistiques générales
  • Ce quiz a été pris 18 fois
  • Le résultat moyen est 6 sur 16
Statistiques - réponses
Par images Réponse % Correct
Corse (France)
100%
Pays basque (Espagne)
89%
Quebec (Canada)
89%
Groenland (Danemark)
72%
Hong Kong (Chine)
67%
Sicile (Italie)
39%
Tchétchénie (Russie)
28%
Louisiane (Etats-Unis)
22%
Rio de Janeiro (Brésil)
11%
Yorkshire (Royaume-Uni)
11%
Hambourg (Allemagne)
6%
Okinawa (Japon)
6%
Tasmanie (Australie)
6%
Yucatan (Mexique)
6%
Leinster (Irlande)
0%
Thessalie (Grèce)
0%
Aucun quiz correspondant
Distribution des résultats
% des personnes avec chaque résultat
Percentile par nombre de réponses
Votre historique - résultats
Vous n’avez pas pris ce quiz